Campesinos

Gorde:
Xehetasun bibliografikoak
Egile nagusia: Ugalde Ch., Héctor
Formatua: Texto
Argitaratua: San José: ASEPROLA. CEDECO
Etiketak: Etiketa erantsi
Etiketarik gabe, Izan zaitez lehena erregistro honi etiketa jartzen!

MARC

LEADER 00000 a a2200000 04500
001 23194
003
040 |a CRAI/IIS  |c CRAI/IIS 
090 |a 160300  
100 |a Ugalde Ch., Héctor  
245 |a Campesinos  
260 |a San José:   |b ASEPROLA. CEDECO  
300 |a 41 p.  
999 |c 7303  |d 7303